[Event "Bayern-chI Bank Hofmann 13th"]
[Site "Bad Wiessee"]
[Date "2009.11.05"]
[Round "7"]
[White "Vranidis, Georgios"]
[Black "Seifert, Dierk"]
[Result "0-1"]
[WhiteElo "1998"]
[BlackElo "2129"]
[PlyCount "58"]
[EventDate "2009.10.31"]
[EventType "swiss"]
[EventRounds "9"]
[EventCountry "GER"]
[SourceTitle "EXT 2010"]
[Source "ChessBase"]
[SourceDate "2010.11.25"]
[SourceVersion "1"]
[SourceVersionDate "2010.11.25"]
[SourceQuality "1"]

1. e4 e6 2. Qe2 c5 3. Nf3 Nc6 4. g3 Nge7 5. Bg2 g6 6. d3 Bg7 7. c3 b6 8. 0-0 0-0 9. Nbd2 Bb7 10. h4 h6 11. Re1 d6 12. a4 a6 13. Nf1 d5 14. e5 d4 15. c4 Nb4 16. N1h2 Rb8 17. Bf4 Nf5 18. Qd2 Kh7 19. Ng4 Bc6 20. Nf6+ Bxf6 21. exf6 Bxf3 22. Bxf3 Qxf6 23. Be5 Nxh4 24. gxh4 Qxf3 25. Bxb8 Rxb8 26. Rad1 Qg4+ 27. Kf1 Qxh4 28. Re4 Qh5 29. Kg2 g5 0-1

[Event "Bayern-chI Bank Hofmann 13th"]
[Site "Bad Wiessee"]
[Date "2009.11.02"]
[Round "4"]
[White "Seifert, Dierk"]
[Black "Sokolov, Andrei"]
[Result "0-1"]
[WhiteElo "2129"]
[BlackElo "2572"]
[PlyCount "78"]
[EventDate "2009.10.31"]
[EventType "swiss"]
[EventRounds "9"]
[EventCountry "GER"]
[SourceTitle "EXT 2010"]
[Source "ChessBase"]
[SourceDate "2010.11.25"]
[SourceVersion "1"]
[SourceVersionDate "2010.11.25"]
[SourceQuality "1"]

1. d4 Nf6 2. Nf3 e6 3. c3 Be7 4. Bg5 h6 5. Bh4 b6 6. e3 Bb7 7. Nbd2 d6 8. Bd3 Nbd7 9. 0-0 0-0 10. Re1 c5 11. e4 cxd4 12. cxd4 e5 13. Rc1 Rc8 14. Bb1 Rxc1 15. Qxc1 b5 16. b4 Qb6 17. Qb2 Re8 18. d5 Qd8 19. Rc1 Nxd5 20. exd5 Bxh4 21. Qc2 Nf8 22. Qe4 Bg5 23. Nxg5 Qxg5 24. Nb3 Rc8 25. Rxc8 Bxc8 26. Qe3 Bb7 27. Qxg5 hxg5 28. Be4 Nd7 29. Na5 Ba8 30. Nc6 Nf6 31. f3 a6 32. Ne7+ Kf8 33. Nc8 Bxd5 34. Nxd6 Nxe4 35. Nxe4 Bxa2 36. Nc5 Ke7 37. Nxa6 Kd6 38. Kf2 Kd5 39. Ke3 Bb1 0-1

[Event "Bundesliga 0809"]
[Site "Germany"]
[Date "2009.03.29"]
[Round "15.8"]
[White "Seifert, Dierk"]
[Black "Wittenberg, Andreas"]
[Result "1/2-1/2"]
[WhiteElo "2133"]
[BlackElo "2052"]
[PlyCount "27"]
[EventDate "2008.10.03"]
[EventType "team-tourn"]
[EventRounds "15"]
[EventCountry "GER"]
[SourceTitle "CBM 129 Extra"]
[Source "ChessBase"]
[SourceDate "2009.05.05"]
[SourceVersion "2"]
[SourceVersionDate "2009.05.20"]
[SourceQuality "1"]
[WhiteTeam "Dresden"]
[BlackTeam "Muelheim"]
[WhiteTeamCountry "GER"]
[BlackTeamCountry "GER"]

1. c4 e6 2. g3 d5 3. Nf3 Nf6 4. Bg2 c6 5. Qc2 b6 6. b3 Bb7 7. Bb2 Be7 8. 0-0 0-0 9. d4 Nbd7 10. Nbd2 Rc8 11. e4 dxe4 12. Nxe4 Qc7 13. Ne5 c5 14. Nxd7 1/2-1/2

[Event "Bad Woerishofen op 24th"]
[Site "Bad Woerishofen"]
[Date "2008.03.02"]
[Round "4"]
[White "Seifert, Dierk"]
[Black "Vogel, Robert"]
[Result "1/2-1/2"]
[WhiteElo "2140"]
[BlackElo "2294"]
[PlyCount "44"]
[EventDate "2008.02.28"]
[EventType "swiss"]
[EventRounds "9"]
[EventCountry "GER"]
[SourceTitle "CBM 123 Extra"]
[Source "ChessBase"]
[SourceDate "2008.05.06"]
[SourceVersion "1"]
[SourceVersionDate "2008.05.06"]
[SourceQuality "1"]

1. c4 e5 2. g3 Nc6 3. Bg2 g6 4. Nc3 Bg7 5. e4 d6 6. d3 Nge7 7. Nge2 Be6 8. Nd5 0-0 9. 0-0 f5 10. Be3 Qd7 11. Qd2 Rae8 12. Rae1 Nc8 13. f3 N6e7 14. b3 c6 15. Nxe7+ Rxe7 16. exf5 Bxf5 17. d4 Bh3 18. dxe5 Bxe5 19. Bd4 Bxg2 20. Kxg2 Rfe8 21. f4 Bxd4 22. Nxd4 Rxe1 1/2-1/2

[Event "Latschach op 23rd"]
[Site "Latschach"]
[Date "2007.08.18"]
[Round "9"]
[White "Seifert, Dierk"]
[Black "Sirnik, Bostjan"]
[Result "1/2-1/2"]
[WhiteElo "2144"]
[BlackElo "2235"]
[PlyCount "95"]
[EventDate "2007.08.11"]
[EventType "swiss"]
[EventRounds "9"]
[EventCountry "AUT"]
[SourceTitle "CBM 120 Extra"]
[Source "ChessBase"]
[SourceDate "2007.11.01"]
[SourceVersion "1"]
[SourceVersionDate "2007.11.01"]
[SourceQuality "1"]

1. d4 d5 2. c4 c6 3. cxd5 cxd5 4. Nc3 Nf6 5. Bf4 a6 6. e3 Nc6 7. Bd3 Bg4 8. f3 Bh5 9. Nge2 e6 10. 0-0 Bg6 11. Bg5 Be7 12. Nf4 Rc8 13. Rc1 Nb4 14. Bb1 Bxb1 15. Rxb1 h6 16. Bxf6 Bxf6 17. Nd3 Nxd3 18. Qxd3 0-0 19. Rfc1 Qa5 20. a3 Rc4 21. Ne2 b5 22. Kf2 Rfc8 23. Qd1 Be7 24. Nf4 Qc7 25. Rxc4 bxc4 26. g3 Qa5 27. Ne2 Rb8 28. Qc2 Rb3 29. Rd1 Qb6 30. Rd2 e5 31. Nc1 exd4 32. exd4 Rb5 33. Ne2 Bg5 34. f4 Bf6 35. Kg2 h5 36. Nc3 Ra5 37. Qd1 g6 38. Qg1 Qe6 39. Re2 Qg4 40. h3 Qf5 41. Qe3 Qd3 42. Qxd3 cxd3 43. Rd2 Bxd4 44. Rxd3 Bf6 45. Rxd5 Bxc3 46. Rd8+ Kg7 47. bxc3 Rxa3 48. Rc8 1/2-1/2

[Event "Latschach op 23rd"]
[Site "Latschach"]
[Date "2007.08.15"]
[Round "6"]
[White "Mencinger, Vojko"]
[Black "Seifert, Dierk"]
[Result "1-0"]
[WhiteElo "2366"]
[BlackElo "2144"]
[PlyCount "81"]
[EventDate "2007.08.11"]
[EventType "swiss"]
[EventRounds "9"]
[EventCountry "AUT"]
[SourceTitle "CBM 120 Extra"]
[Source "ChessBase"]
[SourceDate "2007.11.01"]
[SourceVersion "1"]
[SourceVersionDate "2007.11.01"]
[SourceQuality "1"]

1. e4 d5 2. exd5 Qxd5 3. Nc3 Qa5 4. d4 c6 5. Bc4 Bf5 6. Nf3 Nf6 7. Bd2 e6 8. Nd5 Qd8 9. Nxf6+ gxf6 10. Bb3 Bg4 11. Be3 Bd6 12. h3 Qa5+ 13. Qd2 Qxd2+ 14. Nxd2 Bf5 15. g4 Bg6 16. Bh6 Bf8 17. Bxf8 Rxf8 18. 0-0-0 Nd7 19. f4 0-0-0 20. Rhf1 Nb6 21. c3 Bd3 22. Rf2 a5 23. Re1 a4 24. Bd1 Rd5 25. Re3 Ba6 26. Ne4 Nd7 27. Bxa4 Ra5 28. Bb3 Kc7 29. f5 e5 30. Rd2 c5 31. dxe5 c4 32. e6 fxe6 33. fxe6 Ne5 34. e7 Re8 35. Nxf6 Rxe7 36. Bc2 Kb8 37. Rd5 Rxd5 38. Nxd5 Re8 39. Bxh7 b5 40. Nf6 Nd3+ 41. Rxd3 1-0

[Event "BL2-Ost 0607"]
[Site "Germany"]
[Date "2007.04.01"]
[Round "8.7"]
[White "Seifert, Dierk"]
[Black "Horvath, Laszlo"]
[Result "0-1"]
[WhiteElo "2155"]
[BlackElo "2265"]
[PlyCount "111"]
[EventDate "2006.10.15"]
[EventType "team-tourn"]
[EventRounds "9"]
[EventCountry "GER"]
[SourceTitle "EXT 2008"]
[Source "ChessBase"]
[SourceDate "2007.11.25"]
[SourceVersion "1"]
[SourceVersionDate "2007.11.25"]
[SourceQuality "1"]
[WhiteTeam "Dresden"]
[BlackTeam "Passau"]
[WhiteTeamCountry "GER"]
[BlackTeamCountry "GER"]

1. c4 e5 2. g3 Nc6 3. Bg2 g6 4. Nc3 Bg7 5. Rb1 f5 6. e3 Nf6 7. b4 0-0 8. d3 h6 9. Nge2 Kh8 10. 0-0 Ne7 11. Qb3 c6 12. b5 c5 13. Rd1 d6 14. d4 Nd7 15. dxe5 dxe5 16. Nd5 Nxd5 17. Rxd5 Qc7 18. Ba3 Rb8 19. Rbd1 b6 20. Bb2 Re8 21. Qd3 Nf8 22. Rd8 Be6 23. Rxb8 Rxb8 24. Bd5 e4 25. Bxg7+ Qxg7 26. Qc3 Rd8 27. Qxg7+ Kxg7 28. Nc3 Bxd5 29. Rxd5 Rxd5 30. Nxd5 Nd7 31. Ne7 Ne5 32. Nc6 Nxc4 33. Nxa7 Kf7 34. Kf1 Ke6 35. Ke2 Kd7 36. Nc6 Nd6 37. a4 Nc4 38. h4 h5 39. Nb8+ Kc7 40. Nc6 Kd6 41. Ke1 Nb2 42. a5 bxa5 43. Nxa5 Kc7 44. Nc6 Nd3+ 45. Ke2 Kb6 46. f3 Kxb5 47. Ne7 c4 48. Nd5 Nc5 49. f4 Ka4 50. Kd2 Kb3 51. Nc3 Na4 52. Nb5 Kb2 53. Nd4 c3+ 54. Kd1 Nc5 55. Nc2 Nd3 56. Nd4 0-1

[Event "Bayern-chI Bank Hofmann 10th"]
[Site "Bad Wiessee"]
[Date "2006.11.05"]
[Round "2"]
[White "Seifert, Dierk"]
[Black "Meins, Gerlef"]
[Result "0-1"]
[WhiteElo "2155"]
[BlackElo "2464"]
[PlyCount "78"]
[EventDate "2006.11.04"]
[EventType "swiss"]
[EventRounds "9"]
[EventCountry "GER"]
[SourceTitle "EXT 2007"]
[Source "ChessBase"]
[SourceDate "2006.11.23"]
[SourceVersion "1"]
[SourceVersionDate "2006.11.23"]
[SourceQuality "1"]

1. c4 b6 2. d4 Bb7 3. Nc3 e6 4. a3 Nf6 5. d5 exd5 6. cxd5 Bd6 7. e4 0-0 8. Bd3 Re8 9. Nge2 Na6 10. b4 c5 11. b5 Nc7 12. Bb2 a6 13. a4 axb5 14. axb5 Rxa1 15. Qxa1 c4 16. Bc2 Ncxd5 17. exd5 Nxd5 18. 0-0 Nxc3 19. Nxc3 Qh4 20. g3 Qh3 21. Be4 Rxe4 22. Nxe4 Bxe4 23. f3 Bxg3 24. hxg3 Qxg3+ 25. Kh1 Qh3+ 26. Kg1 Qg3+ 27. Kh1 Bxf3+ 28. Rxf3 Qxf3+ 29. Kg1 f6 30. Qe1 Kf7 31. Qb4 Qb3 32. Ba3 Qxb4 33. Bxb4 Ke6 34. Kf2 Kd5 35. Ke3 h5 36. Bf8 g6 37. Be7 h4 38. Bxf6 h3 39. Kf3 Kc5 0-1

[Event "Latschach op 22nd"]
[Site "Latschach"]
[Date "2006.08.16"]
[Round "6"]
[White "Seifert, Dierk"]
[Black "Mandekic, Ivan"]
[Result "1/2-1/2"]
[WhiteElo "2125"]
[BlackElo "2251"]
[PlyCount "61"]
[EventDate "2006.08.12"]
[EventType "swiss"]
[EventRounds "9"]
[EventCountry "AUT"]
[SourceTitle "CBM 113 Extra"]
[Source "ChessBase"]
[SourceDate "2006.09.14"]
[SourceVersion "1"]
[SourceVersionDate "2006.09.14"]
[SourceQuality "1"]

1. d4 Nf6 2. c4 e6 3. Nf3 b6 4. g3 Bb7 5. Bg2 Be7 6. 0-0 0-0 7. Nc3 Ne4 8. Qc2 Nxc3 9. Qxc3 c5 10. Rd1 cxd4 11. Nxd4 Bxg2 12. Kxg2 a6 13. Bf4 Qc8 14. Qf3 Ra7 15. Rac1 d6 16. Qe4 Rc7 17. Nf3 Rc6 18. Bg5 f6 19. Be3 f5 20. Qd3 Nd7 21. b4 Ne5 22. Nxe5 dxe5 23. Qb3 Rd8 24. Rxd8+ Bxd8 25. c5 Kf7 26. a4 bxc5 27. Rxc5 Rxc5 28. Bxc5 Qc6+ 29. Kg1 Qd5 30. Qc2 g5 31. f3 1/2-1/2

[Event "Oberliga Ost-A 0405"]
[Site "Germany"]
[Date "2005.04.09"]
[Round "10.8"]
[White "Scheurer, Ulf"]
[Black "Seifert, Dierk"]
[Result "0-1"]
[WhiteElo "2133"]
[BlackElo "2123"]
[PlyCount "20"]
[EventDate "2004.10.10"]
[EventType "team-tourn"]
[EventRounds "11"]
[EventCountry "GER"]
[SourceTitle "EXT 2006"]
[Source "ChessBase"]
[SourceDate "2005.11.24"]
[SourceVersion "1"]
[SourceVersionDate "2005.11.24"]
[SourceQuality "1"]
[WhiteTeam "Coswig"]
[BlackTeam "Dresden SC 1898"]
[WhiteTeamCountry "GER"]
[BlackTeamCountry "GER"]

1. e4 e6 2. d4 d5 3. Nc3 Bb4 4. e5 Ne7 5. a3 Bxc3+ 6. bxc3 c5 7. Qg4 Qc7 8. Qxg7 Rg8 9. Qxh7 cxd4 10. cxd4 Qc3+ 0-1

[Event "Oberliga Ost-A 0405"]
[Site "Germany"]
[Date "2005.01.16"]
[Round "7.8"]
[White "Seifert, Dierk"]
[Black "Kuna, Ralf Michael"]
[Result "1/2-1/2"]
[WhiteElo "2123"]
[BlackElo "2159"]
[PlyCount "29"]
[EventDate "2004.10.10"]
[EventType "team-tourn"]
[EventRounds "11"]
[EventCountry "GER"]
[SourceTitle "EXT 2006"]
[Source "ChessBase"]
[SourceDate "2005.11.24"]
[SourceVersion "1"]
[SourceVersionDate "2005.11.24"]
[SourceQuality "1"]
[WhiteTeam "Dresden SC 1898"]
[BlackTeam "Magdeburg Rochade"]
[WhiteTeamCountry "GER"]
[BlackTeamCountry "GER"]

1. c4 e5 2. g3 Nc6 3. Bg2 g6 4. Nc3 Bg7 5. e4 d6 6. d3 Nge7 7. Nge2 0-0 8. 0-0 Be6 9. Nd5 Nd4 10. Nxd4 exd4 11. Nxe7+ Qxe7 12. f4 Bd7 13. f5 g5 14. Qh5 f6 15. g4 1/2-1/2

[Event "Jacques Lemans op 23rd"]
[Site "St Veit"]
[Date "2004.07.15"]
[Round "6"]
[White "Lehner, Erich"]
[Black "Seifert, Dierk"]
[Result "0-1"]
[WhiteElo "2037"]
[BlackElo "2123"]
[PlyCount "93"]
[EventDate "2004.07.10"]
[EventType "swiss"]
[EventRounds "9"]
[EventCountry "AUT"]
[SourceTitle "CBM 101 Extra"]
[Source "ChessBase"]
[SourceDate "2004.09.01"]
[SourceVersion "2"]
[SourceVersionDate "2004.09.01"]
[SourceQuality "1"]

1. d4 e6 2. e4 d5 3. exd5 exd5 4. Bd3 Nc6 5. c3 Bd6 6. Nf3 Nge7 7. 0-0 Bg4 8. h3 Bh5 9. Bg5 Qd7 10. Nbd2 0-0-0 11. b4 f6 12. Bh4 g5 13. Bg3 Bg6 14. Be2 Bxg3 15. fxg3 Nf5 16. b5 Nce7 17. Qa4 Kb8 18. g4 Ng3 19. Rf2 Nxe2+ 20. Rxe2 Bd3 21. Re3 Bxb5 22. Qb4 Nc8 23. a4 Bc6 24. Nb3 Nd6 25. Nc5 Qf7 26. Rf1 Qg6 27. Re6 Qg7 28. Rxf6 Qxf6 29. Ne5 Qxf1+ 30. Kxf1 Be8 31. Ne6 Rc8 32. Nxg5 h5 33. gxh5 Rxh5 34. Ngf3 Ne4 35. Kg1 Rh6 36. a5 Ra6 37. h4 c5 38. dxc5 Rxc5 39. Nd3 Rxc3 40. Qe7 Rc8 41. Qe5+ Ka8 42. Qxd5 Nf6 43. Qg5 Bh5 44. Nb4 Rd6 45. a6 Bxf3 46. Qe5 Rd1+ 47. Kh2 0-1

[Event "Donau op 12th"]
[Site "Aschach"]
[Date "2003.12.26"]
[Round "1"]
[White "Seifert, Dierk"]
[Black "Hertneck, Gerald"]
[Result "0-1"]
[WhiteElo "2139"]
[BlackElo "2524"]
[PlyCount "80"]
[EventDate "2003.12.26"]
[EventType "swiss"]
[EventRounds "7"]
[EventCountry "AUT"]
[SourceTitle "CBM 097 Extra"]
[Source "ChessBase"]
[SourceDate "2004.01.13"]
[SourceVersion "1"]
[SourceVersionDate "2004.01.13"]
[SourceQuality "1"]

1. c4 e5 2. g3 Nc6 3. Bg2 g6 4. Nc3 Bg7 5. e4 d6 6. d3 Nge7 7. Nge2 0-0 8. 0-0 Be6 9. h3 Qd7 10. Kh2 f5 11. Nd5 fxe4 12. dxe4 Nd4 13. Nxd4 exd4 14. Nxe7+ Qxe7 15. b3 Qd7 16. Qd3 c5 17. Bd2 Rab8 18. a4 b6 19. f4 a6 20. g4 Kh8 21. f5 Bg8 22. Kg1 b5 23. axb5 axb5 24. g5 bxc4 25. bxc4 Be5 26. h4 Qb7 27. Rfb1 Qf7 28. Rxb8 Rxb8 29. Bf1 gxf5 30. exf5 Qh5 31. Qe4 d3 32. Ra7 Re8 33. g6 hxg6 34. fxg6 Bh2+ 35. Kxh2 Rxe4 36. Bc3+ Rd4 37. Bxd3 Qe5+ 38. Kg2 Rg4+ 39. Kf3 Rg3+ 40. Kf2 Qxc3 0-1

[Event "Vienna op 14th"]
[Site "Vienna"]
[Date "2003.08.24"]
[Round "9"]
[White "Seifert, Dierk"]
[Black "Pachta, Paul"]
[Result "1/2-1/2"]
[WhiteElo "2115"]
[BlackElo "2032"]
[PlyCount "23"]
[EventDate "2003.08.16"]
[EventType "swiss"]
[EventRounds "9"]
[EventCountry "AUT"]
[SourceTitle "CBM 095 Extra"]
[Source "ChessBase"]
[SourceDate "2003.09.04"]
[SourceVersion "1"]
[SourceVersionDate "2003.09.04"]
[SourceQuality "1"]

1. c4 Nf6 2. g3 g6 3. Bg2 Bg7 4. Nc3 c5 5. a3 Qa5 6. h4 d6 7. d3 Nc6 8. Bd2 h5 9. Nh3 Rb8 10. Nf4 Bd7 11. Rb1 0-0 12. Nb5 1/2-1/2

[Event "Donau op 11th"]
[Site "Aschach"]
[Date "2002.12.26"]
[Round "1"]
[White "Kilgus, Georg"]
[Black "Seifert, Dierk"]
[Result "0-1"]
[WhiteElo "2346"]
[BlackElo "2111"]
[PlyCount "32"]
[EventDate "2002.12.26"]
[EventType "swiss"]
[EventRounds "7"]
[EventCountry "AUT"]
[SourceTitle "CBM 091 Extra"]
[Source "ChessBase"]
[SourceDate "2003.01.09"]
[SourceVersion "1"]
[SourceVersionDate "2003.01.09"]
[SourceQuality "1"]

1. d4 e6 2. c4 f5 3. g3 Nf6 4. Bg2 Be7 5. Nf3 0-0 6. 0-0 d6 7. Nc3 a5 8. Qc2 Nc6 9. e4 fxe4 10. Nxe4 e5 11. dxe5 dxe5 12. Nfg5 Nxe4 13. Nxe4 Bg4 14. f3 Nd4 15. Qd1 Nxf3+ 16. Bxf3 Bxf3 0-1

[Event "Jacques Lemans op 21st"]
[Site "St Veit"]
[Date "2002.07.14"]
[Round "9"]
[White "Seifert, Dierk"]
[Black "Molzahn, Norbert"]
[Result "1/2-1/2"]
[WhiteElo "2125"]
[BlackElo "2081"]
[PlyCount "27"]
[EventDate "2002.07.06"]
[EventType "swiss"]
[EventRounds "9"]
[EventCountry "AUT"]
[SourceTitle "CBM 089 Extra"]
[Source "ChessBase"]
[SourceDate "2002.09.10"]
[SourceVersion "2"]
[SourceVersionDate "2002.09.10"]
[SourceQuality "1"]

1. c4 c5 2. Nc3 Nc6 3. g3 g6 4. Bg2 Bg7 5. a3 e6 6. Rb1 Nge7 7. b4 d6 8. e3 0-0 9. Nge2 Rb8 10. 0-0 b6 11. d4 Bb7 12. d5 Ne5 13. Qb3 exd5 14. cxd5 1/2-1/2

[Event "Jacques Lemans op 20th"]
[Site "St Veit"]
[Date "2001.07.??"]
[Round "?"]
[White "Seifert, Dierk"]
[Black "Pfaffel, Thomas"]
[Result "1/2-1/2"]
[WhiteElo "2141"]
[BlackElo "2049"]
[PlyCount "33"]
[EventDate "2001.07.07"]
[EventType "swiss"]
[EventRounds "9"]
[EventCountry "AUT"]
[SourceTitle "EXT 2004"]
[Source "ChessBase"]
[SourceDate "2003.11.25"]
[SourceVersion "1"]
[SourceVersionDate "2003.11.25"]
[SourceQuality "1"]

1. c4 b6 2. b3 e6 3. Bb2 Nf6 4. Nf3 Bb7 5. e3 Be7 6. Be2 0-0 7. 0-0 c5 8. d4 d6 9. Nc3 a6 10. dxc5 dxc5 11. Qxd8 Rxd8 12. Rfd1 Nbd7 13. Ne1 Kf8 14. f3 Bc6 15. Kf2 Rab8 16. a4 Ne8 17. Rd2 1/2-1/2

[Event "Bad Woerishofen op 16th"]
[Site "Bad Woerishofen"]
[Date "2000.03.25"]
[Round "9"]
[White "Schellmann, Frank"]
[Black "Seifert, Dierk"]
[Result "1/2-1/2"]
[WhiteElo "1850"]
[BlackElo "2168"]
[PlyCount "22"]
[EventDate "2000.03.??"]
[EventType "swiss"]
[EventRounds "9"]
[EventCountry "GER"]
[SourceTitle "CBM 075 Extra"]
[Source "ChessBase"]
[SourceDate "2000.05.11"]
[SourceVersion "2"]
[SourceVersionDate "2000.05.11"]
[SourceQuality "1"]

1. e4 e6 2. d4 d5 3. e5 c5 4. c3 Nc6 5. Nf3 Qb6 6. a3 c4 7. Nbd2 Na5 8. Be2 Bd7 9. 0-0 Nb3 10. Nxb3 Ba4 11. Nfd2 Rc8 1/2-1/2